书目信息 |
| 题名: |
铆工
|
|
| 作者: | 李选华 , 蒋钦铎 主编 | |
| 分册: | ||
| 出版信息: | 北京 中国建筑工业出版社 2014.05 |
|
| 页数: | 156页 | |
| 开本: | 20cm | |
| 丛书名: | 建筑安装工人职业技能考试习题集 | |
| 单 册: | ||
| 中图分类: | TG938-44 | |
| 科图分类: | ||
| 主题词: | 铆工--mao gong--职业教育--习题集 | |
| 电子资源: | ||
| ISBN: | 9787112163793 | |
| 000 | 01003nam 2200253 450 | |
| 001 | CAL 0120141310027 | |
| 005 | 20191107090622.07 | |
| 010 | @a9787112163793 @dCNY17.00 | |
| 100 | @a20141022d2014 em y0chiy50 ea | |
| 101 | 0 | @achi |
| 102 | @aCN@b110000 | |
| 105 | @aak q 000yy | |
| 200 | 1 | @a铆工@Amao gong@f李选华, 蒋钦铎主编 |
| 210 | @a北京@c中国建筑工业出版社@d2014.05 | |
| 215 | @a156页@c图@d20cm | |
| 225 | 2 | @a建筑安装工人职业技能考试习题集@Ajian zhu an zhuang gong ren zhi ye ji neng kao shi xi ti ji |
| 330 | @a本习题集根据现行职业技能鉴定考核方式, 分为初级工、中级工、高级工三个部分, 采用选择题、判断题、简答题、计算题、作图题、实际操作题的形式进行编写。每部分主要内容包括: 选择题、判断题、简答题、计算题等。 | |
| 410 | 0 | @12001 @a建筑安装工人职业技能考试习题集 |
| 606 | 0 | @a铆工@Amao gong@x职业教育@j习题集 |
| 690 | @aTG938-44@v5 | |
| 701 | 0 | @a李选华@Ali xuan hua@4主编 |
| 701 | 0 | @a蒋钦铎@Ajiang qin duo@4主编 |
| 801 | 0 | @aCN@c20141022 |
| 905 | @a241430@dTG938-44@eL302@f3 | |
| 铆工/李选华, 蒋钦铎主编.-北京:中国建筑工业出版社,2014.05 |
| 156页:图;20cm.-(建筑安装工人职业技能考试习题集) |
| ISBN 9787112163793 :CNY17.00 |
| 本习题集根据现行职业技能鉴定考核方式, 分为初级工、中级工、高级工三个部分, 采用选择题、判断题、简答题、计算题、作图题、实际操作题的形式进行编写。每部分主要内容包括: 选择题、判断题、简答题、计算题等。 |
| ● |
| 相关链接 |
|
|
|
正题名:铆工
索取号:TG938-44/L302
 
预约/预借
| 序号 | 登录号 | 条形码 | 馆藏地/架位号 | 状态 | 备注 |
| 1 | 1123247 | 211232478 | 自科库501/501自科库 30排3列1层/ [索取号:TG938-44/L302] | 在馆 | |
| 2 | 1123248 | 211232487 | 自科库501/501自科库 30排3列1层/ [索取号:TG938-44/L302] | 在馆 | |
| 3 | 1123249 | 211232496 | 自科库501/501自科库 30排3列1层/ [索取号:TG938-44/L302] | 在馆 | |
| 4 | 1307246 | 213072468 | 自科库501/501自科库 30排3列1层/ [索取号:TG938-44/L302] | 在馆 | |
| 5 | 1307247 | 213072477 | 自科库501/501自科库 30排3列1层/ [索取号:TG938-44/L302] | 在馆 | |
| 6 | 1307248 | 213072486 | 自科库501/501自科库 30排3列1层/ [索取号:TG938-44/L302] | 在馆 | |
| 7 | 1307249 | 213072495 | 自科库501/501自科库 30排3列1层/ [索取号:TG938-44/L302] | 在馆 | |
| 8 | 1307250 | 213072501 | 自科库501/501自科库 30排3列1层/ [索取号:TG938-44/L302] | 在馆 | |
| 9 | 1307251 | 213072510 | 自科库501/501自科库 30排3列1层/ [索取号:TG938-44/L302] | 在馆 |